Les recherches sur google en 2023 - Musiciens - Statistiques

Statistiques générales
  • Ce quiz a été pris 18 fois
  • Le résultat moyen est 2 sur 10
Statistiques - réponses
Hint Réponse % Correct
MHD 1
28%
Juliette Armanet 3
28%
Médine 10
17%
Julien Clerc 2
17%
La Zarra 4
17%
Christine and the Queens 6
17%
Amanda Lear 5
11%
Serge Lama 7
11%
Pierre de Maere 8
11%
Lewis Capaldi 9
6%
Aucun quiz correspondant
Distribution des résultats
% des personnes avec chaque résultat
Percentile par nombre de réponses
Votre historique - résultats
Vous n’avez pas pris ce quiz